New uses for Older Buildings in Scotland (Record no. 518)

000 -LEADER
fixed length control field 00291nam a2200109Ia 4500
008 - FIXED-LENGTH DATA ELEMENTS--GENERAL INFORMATION
fixed length control field 200302s9999 xx 000 0 und d
100 ## - MAIN ENTRY--PERSONAL NAME
Personal name Scottish Civic Trust
245 ## - TITLE STATEMENT
Title New uses for Older Buildings in Scotland
260 ## - PUBLICATION, DISTRIBUTION, ETC.
Name of publisher, distributor, etc. Her Majesty's Stationery Office
260 ## - PUBLICATION, DISTRIBUTION, ETC.
Date of publication, distribution, etc. 1981
300 ## - PHYSICAL DESCRIPTION
Extent 164 P.,
Holdings
Withdrawn status Lost status Damaged status Not for loan Permanent Location Current Location Date acquired Cost, normal purchase price Total Checkouts Full call number Barcode Date last seen Date last checked out Price effective from Koha item type
        BMS College of Architecture, Design and Planning BMS College of Architecture, Design and Planning 2020-03-03 427.00 2 690.9411 CL-UG21460 2023-04-17 2023-04-17 2020-03-03 UG Books from CL
Copyright © 2025, The Librarian, Library and Information Centre, BMSCA D&P, Bengaluru. All Rights Reserved
web counter

Powered by Koha